Data structures using C and C++ (Record no. 516)
[ view plain ]
| 000 -LEADER | |
|---|---|
| fixed length control field | 00452nam a2200181Ia 4500 |
| 008 - FIXED-LENGTH DATA ELEMENTS--GENERAL INFORMATION | |
| fixed length control field | 130318s9999 xx 000 0 und d |
| 020 ## - INTERNATIONAL STANDARD BOOK NUMBER | |
| International Standard Book Number | 8120311779 |
| 082 ## - DEWEY DECIMAL CLASSIFICATION NUMBER | |
| Classification number | 005.73C++ LAN/D |
| 100 ## - MAIN ENTRY--PERSONAL NAME | |
| Personal name | Langsam, Yedidyah |
| 245 ## - TITLE STATEMENT | |
| Title | Data structures using C and C++ |
| 250 ## - EDITION STATEMENT | |
| Edition statement | 2 |
| 260 ## - PUBLICATION, DISTRIBUTION, ETC. | |
| Name of publisher, distributor, etc. | PHI Learning |
| Place of publication, distribution, etc. | New Delhi |
| Date of publication, distribution, etc. | 2000 |
| 300 ## - PHYSICAL DESCRIPTION | |
| Extent | 672 |
| 650 ## - SUBJECT ADDED ENTRY--TOPICAL TERM | |
| Topical term or geographic name entry element | C |
| 650 ## - SUBJECT ADDED ENTRY--TOPICAL TERM | |
| Topical term or geographic name entry element | DATASTRUCTURES |
| 700 ## - ADDED ENTRY--PERSONAL NAME | |
| Personal name | Augenstein, Moshe J |
| 700 ## - ADDED ENTRY--PERSONAL NAME | |
| Personal name | Tanenbaum, Aaron M |
| Withdrawn status | Lost status | Source of classification or shelving scheme | Damaged status | Not for loan | Home library | Current library | Shelving location | Date acquired | Cost, normal purchase price | Total Checkouts | Total Renewals | Full call number | Barcode | Date last seen | Date last checked out | Price effective from | Koha item type |
|---|---|---|---|---|---|---|---|---|---|---|---|---|---|---|---|---|---|
| Dewey Decimal Classification | Kerala University of Digital Sciences, Innovation and Technology Knowledge Centre | Kerala University of Digital Sciences, Innovation and Technology Knowledge Centre | Computer Science | 18/03/2013 | 212.00 | 7 | 2 | 005.73C++ LAN/D;1 | 519 | 12/11/2018 | 29/10/2018 | 18/03/2013 | Books |